State Policies and the Preservation of Forest Cover: Lessons from Contrasting Public-Policy Regimes in Costa Rica /
Збережено в:
| Автор: | |
|---|---|
| Інші автори: | |
| Формат: | Текст |
| Предмети: | |
| Теги: |
Додати тег
Немає тегів, Будьте першим, хто поставить тег для цього запису!
|
MARC
| LEADER | 00000 a a2200000 04500 | ||
|---|---|---|---|
| 001 | 43228 | ||
| 003 | |||
| 040 | |||
| 100 | |a Brockett, Charles D. | ||
| 245 | |a State Policies and the Preservation of Forest Cover: |b Lessons from Contrasting Public-Policy Regimes in Costa Rica / |c Charles D. Brockett y Robert R. Gottfried | ||
| 650 | |a POLITICA AMBIENTAL | ||
| 650 | |a POLITICA FORESTAL | ||
| 650 | |a PROTECCION FORESTAL | ||
| 650 | |a CIENCIAS FORESTALES | ||
| 650 | |a BOSQUES | ||
| 650 | |a COSTA RICA | ||
| 700 | |a Gottfried, Robert R. | ||
| 773 | |g volumen37, número1 (2002), páginas 7-40 | ||
| 999 | |c 23133 |d 23133 | ||
